2020 Olympics 3x3 Basketball Players - Statistics

General Stats
  • This quiz has been taken 8 times
  • The average score is 5 of 64
Answer Stats
Hint Answer % Correct
11 Dusan Domovic Bulut
63%
8 Dejan Majstorovic
50%
6 Haonan Li
50%
44 Arvin Slagter
25%
13 Jiyuan Wan
25%
2 Karlis Lasmanis
25%
23 Lili Wang
25%
5 Marie-Eve Paget
25%
4 Michael Hicks
25%
9 Mihailo Vasic
25%
4 Agnis Cavars
13%
5 Aleksandar Ratkov
13%
4 Alexander Zuev
13%
11 Ana Maria Filip
13%
9 Ilia Karpenkov
13%
88 Jessey Voorn
13%
12 Laetitia Guapo
13%
23 Mai Yamamoto
13%
1 Nauris Miezis
13%
5 Nick Celis
13%
14 Pawel Pawlowski
13%
8 Przemyslaw Zamojski
13%
15 Risa Nishioka
13%
33 Ross Bekkering
13%
3 Stephanie Mawuli
13%
2 Thibaut Vervoort
13%
15 Allisha Gray
0%
11 Anastasiia Logunova
0%
24 Ancuta Stoenescu
0%
4 Chiara Consolini
0%
8 Chimeddolgor Enkhtaivan
0%
1 Claudia Cuic
0%
13 Dimeo van der Horst
0%
3 Edgars Krumins
0%
16 Evgeniia Frolkina
0%
44 Gabriela Marginean
0%
8 Giulia Rulli
0%
33 Ira Brown
0%
8 Jacquelyn Young
0%
21 Jinqiu Hu
0%
30 Keisei Tominaga
0%
5 Kelsey Plum
0%
13 Khulan Onolbaatar
0%
10 Kirill Pisklov
0%
28 Mamignan Toure
0%
5 Marcella Filippi
0%
11 Mio Shinozaki
0%
15 Olga Frolkina
0%
0 Peng Yan
0%
3 Raelin D Alie
0%
7 Rafael Bogaerts
0%
23 Ryuto Yasuoka
0%
1 Shiyan Gao
0%
6 Shuyu Yang
0%
14 Solongo Bayasgalan
0%
6 Sonia Ursu
0%
1 Stanislav Sharov
0%
13 Stefanie Dolson
0%
44 Szymon Rduch
0%
12 Thierry Marien
0%
91 Tomoya Ochiai
0%
2 Tserenlkham Munkhsaikhan
0%
1 Yulia Kozik
0%
10 Zhiting Zhang
0%
No matching quizzes found
Score Distribution
Percent of People with Each Score
Percentile by Number Answered
Your Score History
You have not taken this quiz